000 00961nam a22002297a 4500
003 JO-AjAnu
005 20251014093317.0
008 251013b jo ||||| |||| 00| 0 ara d
020 _a978-9922-730-67-6
022 _a956/2024
040 _aANU
_cJO-AjAnu
041 _hARA
100 _aالدليمي، سعد نافع علي
_eمؤلف
_966823
245 _aالأسس الفنية والميكانيكية لرياضة رفع الأثقال
_c / تاليف سعد نافع علي الدليمي وآخرون
260 _aبابل :
_bمؤسسة الصادق الثقافية للنشر والتوزيع،
_c2025
300 _a195 صفحة
650 _vرفع الأثقال
700 _aالجنابي، سلمان عكاب سرحان
_eمؤلف مشارك
_966824
700 _aعباس، حسين حسون
_eمؤلف مشارك
_966825
700 _aالغرابي، عباس أدريس نور
_eمؤلف مشارك
_966826
942 _2lcc
_cBK
_n0
999 _c34081
_d34081